[Event "73rd ch-BRA"]
[Site "Guarulhos BRA"]
[Date "2006.11.26"]
[Round "3"]
[White "Di Berardino,D"]
[Black "Vescovi,G"]
[Result "1/2-1/2"]
[WhiteElo "2370"]
[BlackElo "2592"]

1.e4 e5 2.Nf3 Nc6 3.Bb5 a6 4.Ba4 Nf6 5.O-O Be7 6.Re1 b5 7.Bb3 O-O 8.c3 d6
9.h3 Nb8 10.d4 Nbd7 11.Nbd2 Bb7 12.Bc2 Re8 13.Nf1 Bf8 14.Ng3 g6 15.b3 c6
16.Bg5 h6 17.Be3 Qc7 18.Qd2 Kh7 19.Nh2 Rad8 20.f4 c5 21.dxe5 dxe5 22.f5 c4
23.b4 gxf5 24.Nxf5 Bxe4 25.Bxh6 Qb6+ 26.Be3 Qe6 27.Qf2 Qxf5 28.Qxf5+ Bxf5
29.Bxf5+ Kg7 30.Rad1 Nb8 31.Bb6 Rxd1 32.Rxd1 Nc6 33.Ng4 Rb8 34.Bc7 Rb7 35.Bxe5 Nxe5
36.Nxe5 Re7 37.Nd7 Nxd7 38.Bxd7 Re2 39.a4 Rc2 40.axb5 axb5 41.Bxb5 Rxc3 42.Rd4 Bxb4
43.Rxc4  1/2-1/2

[Event "73rd ch-BRA"]
[Site "Guarulhos BRA"]
[Date "2006.12.01"]
[Round "9"]
[White "Diamant,A"]
[Black "De Toledo,J"]
[Result "0-1"]
[WhiteElo "2396"]
[BlackElo "2376"]

1.e4 e5 2.Nf3 Nc6 3.Bb5 a6 4.Ba4 Nf6 5.O-O Be7 6.Re1 b5 7.Bb3 d6 8.c3 O-O
9.h3 Nb8 10.d4 Nbd7 11.Nbd2 Bb7 12.d5 c6 13.dxc6 Bxc6 14.Bc2 Qc7 15.Nf1 Rfe8
16.Ng3 Bf8 17.Bb3 Nc5 18.Bc2 Qb7 19.Qe2 d5 20.exd5 Bxd5 21.Bg5 Nfd7 22.Rad1 h6
23.Be3 Rad8 24.Bb1 g6 25.Nh4 Nf6 26.Qc2 Ne6 27.Qc1 g5 28.Rxd5 Qxd5 29.Nhf5 Nf4
30.f3 Re6 31.Qc2 h5 32.Kh2 h4 33.Bxf4 hxg3+ 34.Bxg3 Qd2 35.Qb3 Nh5 36.Re4 Nf4
37.Bxf4 gxf4 38.a4 Qf2 39.Ne3 Rd2 40.Ba2 Rxb2 41.Qd5 Rxa2 42.axb5 Rg6  0-1

[Event "Polyarniy Krug"]
[Site "Salekhard RUS"]
[Date "2006.12.02"]
[Round "4"]
[White "Demianjuk,A"]
[Black "Musakaev,E"]
[Result "1-0"]
[WhiteElo "2345"]
[BlackElo "2254"]

1.e4 e5 2.Nf3 Nc6 3.Bb5 a6 4.Ba4 Nf6 5.O-O Be7 6.Re1 b5 7.Bb3 d6 8.c3 O-O
9.h3 Nb8 10.d4 Nbd7 11.Nbd2 Bb7 12.Bc2 Re8 13.Nf1 Bf8 14.Ng3 g6 15.a4 c6
16.Bg5 h6 17.Be3 Qc7 18.Qd2 Kh7 19.b3 Bg7 20.Nh2 d5 21.dxe5 Nxe4 22.Nxe4 dxe4
23.Bxe4 Nxe5 24.axb5 axb5 25.Rxa8 Bxa8 26.Bc5 f5 27.Bc2 Qf7 28.Rd1 f4 29.Ng4 f3
30.g3 h5 31.Nxe5 Rxe5 32.b4 Rd5 33.Qe3 Bb7 34.Bb3 Rxd1+ 35.Bxd1 Bc8 36.Qxf3 Qe6
37.Bc2 Qxh3 38.Qxc6 Qg4 39.Bxg6+ Qxg6 40.Qxc8 Bxc3 41.Qd7+ Kh8 42.Bd4+ Bxd4
43.Qxd4+ Kh7 44.Qd7+ Kh6 45.Qxb5 h4 46.Qc4 Qb1+ 47.Kg2 hxg3 48.Qh4+ Kg7 49.Qxg3+ Kf8
50.Qf4+ Kg7 51.Qe5+ Kf7 52.Qd5+ Ke7 53.b5 Qg6+ 54.Kf3 Qf6+ 55.Ke3 Qc3+ 56.Qd3 Qc5+
57.Ke2 Kf7 58.f4 Qh5+ 59.Kd2 Qh2+ 60.Kc3 Qf2 61.Qd7+ Kf8 62.Qd6+ Ke8 63.b6 Qf1
64.Kb4 Qb1+ 65.Kc5 Qg1+ 66.Kc6 Qh1+ 67.Kc7 Qh7+ 68.Kb8 Qc2 69.b7 Qc4 70.f5 Qc2
71.Qe6+  1-0

[Event "Steinhart Mem"]
[Site "Herzeliya ISR"]
[Date "2006.12.08"]
[Round "2"]
[White "Kaplan,S"]
[Black "Bykhovsky,Av"]
[Result "1/2-1/2"]
[WhiteElo "2402"]
[BlackElo "2458"]

1.e4 e5 2.Nf3 Nc6 3.Bb5 a6 4.Ba4 Nf6 5.O-O Be7 6.Re1 b5 7.Bb3 d6 8.c3 O-O
9.h3 Nb8 10.d3 Nbd7 11.Nbd2 c5 12.Nf1 Bb7 13.Ng3 Qc7 14.Nf5 Bd8 15.Nh2 Kh8
16.Ng4 g6 17.Nfh6 c4 18.Nxf6 Bxf6 19.Bc2 d5 20.exd5 Bxd5 21.Ng4 Bg7 22.dxc4 Bxc4
23.Ne3 Be6 24.a4 Nb6 25.axb5 axb5 26.Rxa8 Rxa8  1/2-1/2

[Event "Steinhart Mem"]
[Site "Herzeliya ISR"]
[Date "2006.12.09"]
[Round "4"]
[White "Kaplan,S"]
[Black "Lev,R"]
[Result "1/2-1/2"]
[WhiteElo "2402"]
[BlackElo "2414"]

1.e4 e5 2.Nf3 Nc6 3.Bb5 a6 4.Ba4 Nf6 5.O-O Be7 6.Re1 b5 7.Bb3 d6 8.c3 O-O
9.h3 Nb8 10.d4 Nbd7 11.Nbd2 Bb7 12.Bc2 Re8 13.b3 Bf8 14.d5 g6 15.c4 c6 16.Nf1 Nb6
17.Ne3 Bh6 18.Qe2 bxc4 19.bxc4 a5 20.Rb1 Ba6 21.dxc6 Rc8 22.Bd2 Bxe3 23.Qxe3 Nxc4
24.Qh6 Na3 25.Rb2 Nc4 26.Rbb1 Na3 27.Rbc1 Rxc6 28.Ba4 Rxc1 29.Rxc1 Bb5 30.Bxb5 Nxb5
31.Bg5 Qe7 32.Qh4 Kg7 33.Qh6+ Kg8 34.Qh4 Kg7 35.Qh6+ Kg8 36.Qh4  1/2-1/2

[Event "44th National A ch-IND"]
[Site "Atul IND"]
[Date "2006.12.23"]
[Round "7"]
[White "Prathamesh,S"]
[Black "Swathi,G"]
[Result "1/2-1/2"]
[WhiteElo "2335"]
[BlackElo "2385"]

1.e4 e5 2.Nf3 Nc6 3.Bb5 a6 4.Ba4 Nf6 5.O-O Be7 6.Re1 b5 7.Bb3 d6 8.c3 O-O
9.h3 Nb8 10.d4 Nbd7 11.Nbd2 Bb7 12.Bc2 Re8 13.Nf1 Bf8 14.Ng3 g6 15.b3 c6
16.Bg5 h6 17.Be3 Qc7 18.a4 Bg7 19.b4 Nf8 20.Qd2 Kh7 21.Rad1 Rad8 22.Qc1 N6d7
23.Bb3 Ne6 24.a5 Rc8 25.Qd2 d5 26.dxe5 Nxe5 27.Nxe5 Bxe5 28.Bxh6 Bxg3 29.fxg3 Qxg3
30.Be3 Re7 31.Bf2 Qf4 32.exd5 Qxd2 33.Rxd2 cxd5 34.Bh4 Rxc3 35.Bxe7 Rxb3
36.Rf2 Kg7 37.Ref1 f5 38.Re1 Kf7 39.Bd6 d4 40.Kh2 Bd5 41.h4 Re3 42.Rd1 d3
43.h5 Kg7 44.Kg1 Bc4 45.hxg6 Kxg6 46.Rf3 Re2 47.Rfxd3 Bxd3  1/2-1/2

[Event "Harmonie"]
[Site "Groningen NED"]
[Date "2006.12.24"]
[Round "2"]
[White "Hanley,C"]
[Black "Pruijssers,R"]
[Result "1/2-1/2"]
[WhiteElo "2427"]
[BlackElo "2339"]

1.e4 e5 2.Nf3 Nc6 3.Bb5 a6 4.Ba4 Nf6 5.O-O Be7 6.Re1 b5 7.Bb3 d6 8.c3 O-O
9.h3 Nb8 10.d4 Nbd7 11.Nbd2 Bb7 12.Bc2 Re8 13.Nf1 Bf8 14.Ng3 g6 15.a4 Bg7
16.Bd3 c6 17.Bg5 Nf8 18.Qd2 Ne6 19.Bh6 Nd7 20.b4 Bxh6 21.Qxh6 Qf6 22.dxe5 Nxe5  1/2-1/2

[Event "44th National A ch-IND"]
[Site "Atul IND"]
[Date "2006.12.25"]
[Round "9"]
[White "Prathamesh,S"]
[Black "Ravi,L"]
[Result "1/2-1/2"]
[WhiteElo "2335"]
[BlackElo "2408"]

1.e4 e5 2.Nf3 Nc6 3.Bb5 a6 4.Ba4 Nf6 5.O-O Be7 6.Re1 b5 7.Bb3 d6 8.c3 O-O
9.h3 Nb8 10.d4 Nbd7 11.Nbd2 Bb7 12.Bc2 Re8 13.Nf1 Bf8 14.Ng3 g6 15.b3 d5
16.dxe5 Nxe5  1/2-1/2

[Event "44th National A ch-IND"]
[Site "Atul IND"]
[Date "2006.12.28"]
[Round "12"]
[White "Rohit,G"]
[Black "Singh,DP"]
[Result "1-0"]
[WhiteElo "2393"]
[BlackElo "2507"]

1.e4 e5 2.Nf3 Nc6 3.Bb5 a6 4.Ba4 Nf6 5.O-O Be7 6.Re1 b5 7.Bb3 d6 8.c3 O-O
9.h3 Nb8 10.d4 Nbd7 11.Nbd2 Bb7 12.Bc2 Re8 13.a4 c6 14.b3 Qc7 15.Bb2 Bf8
16.Qb1 g6 17.Bd3 Bg7 18.dxe5 dxe5 19.Qc2 Rad8 20.Bf1 Nc5 21.Ba3 Bf8 22.c4 bxa4
23.b4 Ne6 24.c5 a5 25.bxa5 Ra8 26.Bb4 Nd7 27.Qxa4 Nexc5 28.Qc2 Ba6 29.Bxa6 Rxa6
30.Qc4 Qa7 31.Bc3 Kg7 32.Red1 f6 33.Nf1 Rb8 34.Ne3 Rb5 35.Nh4 Qb8 36.Kh2 Qe8
37.Rab1 Qf7 38.Qe2 Rxb1 39.Rxb1 Ra7 40.Nc4 Qe6 41.Bd2 Be7 42.g4 Ra8 43.Rg1 Kh8
44.Rb1 Qf7 45.Nf3 Ne6 46.Nb6 Rb8 47.Qd3 Nxb6 48.Rxb6 Rxb6 49.axb6 Bc5 50.Be3 Kg7
51.Bxc5 Nxc5 52.Qd6 Nxe4 53.Qxc6 Qa2 54.Qc7+ Kh6 55.Qc1+ g5 56.Qe3 Nxf2 57.Qd2 Nxg4+
58.hxg4 Qb3  1-0

[Event "ch-CUB Open"]
[Site "Santa Clara CUB"]
[Date "2007.01.10"]
[Round "1"]
[White "Quezada,Y"]
[Black "Blanco,H"]
[Result "1-0"]
[WhiteElo "2515"]
[BlackElo "2413"]

1.e4 e5 2.Nf3 Nc6 3.Bb5 a6 4.Ba4 Nf6 5.O-O Be7 6.Re1 b5 7.Bb3 d6 8.c3 O-O
9.h3 Nb8 10.d4 Nbd7 11.Nbd2 Bb7 12.Bc2 Re8 13.a4 c5 14.d5 c4 15.Nf1 Bf8 16.Ng3 g6
17.Bg5 h6 18.Be3 Nc5 19.Qd2 h5 20.Bg5 Be7 21.Ra3 Rb8 22.axb5 axb5 23.Rea1 Nh7
24.Be3 Qc7 25.Qd1 Ra8 26.Ra7 Rxa7 27.Rxa7 Rb8 28.Qa1 Bd8 29.Qa3 Qe7 30.Qb4 Bb6
31.Ra1 Qe8 32.Nf1 Bc8 33.N3d2 Bd7 34.b3 cxb3 35.Nxb3 Nxb3 36.Bxb3 Bc7 37.Ra7 Qc8
38.Qa3 Nf6 39.Nd2 Ne8 40.Ra6 Qb7 41.Qa1 Bd8 42.Kh2 Qc8 43.c4 Be7 44.cxb5 Bxb5
45.Ra7 Rb7 46.Bc4 Rxa7 47.Qxa7 Bd7 48.Ba6 Qc7 49.Bb7 Nf6 50.Qa8+ Kg7 51.Bc6 Bd8
52.Nc4 Be7 53.Nb6 Bd8 54.Qa4 Bc8 55.Qa8 Bd7 56.f3 Be7 57.Bxd7 Nxd7 58.Qc6  1-0

[Event "Keres Mem A"]
[Site "Tallinn EST"]
[Date "2007.01.10"]
[Round "7"]
[White "Klovans,J"]
[Black "Sulskis,S"]
[Result "1/2-1/2"]
[WhiteElo "2448"]
[BlackElo "2525"]

1.e4 e5 2.Nf3 Nc6 3.Bb5 a6 4.Ba4 Nf6 5.O-O Be7 6.Re1 b5 7.Bb3 d6 8.c3 O-O
9.h3 Nb8 10.d4 Nbd7 11.Nbd2 Bb7 12.Bc2 c5 13.Nf1 cxd4 14.cxd4 exd4 15.Ng3 Re8
16.Nxd4 d5 17.Ndf5 Bf8 18.exd5 Rxe1+ 19.Qxe1 Rc8 20.Bd3 Nc5 21.Bf1 Qxd5 22.Be3 Nce4
23.Qd1 Nxg3 24.Nxg3 g6 25.Ne2 Bg7 26.Nc3 Qxd1 27.Rxd1 b4 28.Na4 Nd5 29.Bd2 a5
30.Be2 Bc6 31.Rc1 Rc7 32.Bf3 Bxa4 33.Bxd5 Rc2 34.Rxc2 Bxc2 35.Bc1 Bd4 36.Kf1 Bd3+
37.Ke1 Kg7 38.a3 Bc2 39.axb4 axb4 40.b3 f5 41.Bg5 Bd3 42.Kd2 Bf1 43.Be7 Bxf2
44.Bxb4 Kf6 45.Bd6 h5 46.b4 h4 47.Bc6 g5 48.Bc7 g4 49.hxg4 fxg4 50.b5 h3
51.gxh3 g3 52.Bxg3 Bxg3 53.b6 Bxh3 54.b7 Bc7 55.Ke3 Ke5  1/2-1/2

[Event "ch-BLR"]
[Site "Minsk BLR"]
[Date "2007.01.11"]
[Round "2"]
[White "Zhigalko,A"]
[Black "Maiorov,N"]
[Result "1-0"]
[WhiteElo "2538"]
[BlackElo "2516"]

1.e4 e5 2.Nf3 Nc6 3.Bb5 a6 4.Ba4 Nf6 5.O-O Be7 6.Re1 b5 7.Bb3 d6 8.c3 O-O
9.h3 Nb8 10.d4 Nbd7 11.Nbd2 Bb7 12.Bc2 Re8 13.Nf1 Bf8 14.Ng3 g6 15.a4 c5
16.d5 c4 17.Bg5 h6 18.Be3 Nc5 19.Qd2 h5 20.Ra3 Rb8 21.Rea1 Bc8 22.axb5 axb5
23.Ra7 Rb7 24.Bxc5 dxc5 25.Qg5 Rxa7 26.Rxa7 Qb6 27.Rxf7 Kxf7 28.Nxe5+ Rxe5
29.Qxe5 Nd7 30.Qf4+ Kg8 31.e5 Bg7 32.e6 Ne5 33.Bxg6 Bxe6 34.dxe6 Qxe6 35.Bf5 Qh6
36.Qh4 Bf6 37.Qxh5 Qc1+ 38.Kh2 Qf4 39.Qe8+ Kg7 40.Qxb5 Qxf2 41.Qb7+ Kf8 42.Qc8+ Kg7
43.Qc7+ Kg8 44.Be6+  1-0

[Event "ch-Kyiv"]
[Site "Kyiv UKR"]
[Date "2007.01.21"]
[Round "2"]
[White "Kruglyakov,P"]
[Black "Moliboga,V"]
[Result "1/2-1/2"]
[WhiteElo "2289"]
[BlackElo "2277"]

1.e4 e5 2.Nf3 Nc6 3.Bb5 a6 4.Ba4 Nf6 5.O-O Be7 6.Re1 b5 7.Bb3 d6 8.c3 O-O
9.h3 Nb8 10.d4 Nbd7 11.Nbd2 Bb7 12.Bc2 Re8 13.Nf1 Bf8 14.Ng3 g6 15.a4 c6
16.b3 Bg7 17.Bb2 Qc7 18.Bd3 d5 19.dxe5 Nxe5 20.Nxe5 Qxe5 21.Qd2 dxe4 22.Nxe4 Rad8
23.Nxf6+ Qxf6 24.Rxe8+ Rxe8 25.Rb1 Qd6 26.Rd1 bxa4 27.bxa4 c5 28.c4 Bxb2
29.Qxb2 Qc6 30.Bf1 a5 31.Rb1 Ba6 32.Qc3 Qxa4 33.Ra1 Qb4 34.Qxb4 cxb4 35.Rxa5 Re6
36.c5 Bxf1 37.Kxf1 Re4 38.Rb5 Kf8 39.f3 Rc4 40.Ke2 Rc3 41.Rxb4  1/2-1/2

[Event "5th Parsvnath Open"]
[Site "New Delhi IND"]
[Date "2007.01.21"]
[Round "9"]
[White "Hossain,Enam"]
[Black "Sriram,J"]
[Result "1-0"]
[WhiteElo "2506"]
[BlackElo "2419"]

1.e4 e5 2.Nf3 Nc6 3.Bb5 a6 4.Ba4 Nf6 5.O-O Be7 6.Re1 b5 7.Bb3 d6 8.c3 O-O
9.h3 Nb8 10.d4 Nbd7 11.Nbd2 Bb7 12.Bc2 Re8 13.Nf1 Bf8 14.Ng3 g6 15.b3 c6
16.Bg5 Bg7 17.Qd2 Qe7 18.a4 Qf8 19.b4 Nb6 20.dxe5 dxe5 21.Qe2 Nxa4 22.Bxa4 bxa4
23.Be3 Nd7 24.Rxa4 Bh6 25.Rd1 Bxe3 26.Qxe3 Qe7 27.Ra2 c5 28.Rad2 Nb6 29.Qh6 Qf8
30.Qh4 Qe7 31.Ng5 h5 32.bxc5 Nc4 33.Rd7 Rad8 34.Nxh5 gxh5 35.Rxe7 Rxd1+ 36.Kh2 Rxe7
37.Qxh5 Red7 38.c6 Bxc6 39.Qh7+ Kf8 40.Qh6+ Kg8 41.Qxc6 Nd2 42.h4 Nf1+ 43.Kh3 R1d6
44.Qc5 f6 45.Qc8+ Kg7 46.Ne6+ Kf7 47.Nc5 Re7 48.h5 Nd2 49.f3 Nc4 50.Nb7  1-0

[Event "ch-Kyiv"]
[Site "Kyiv UKR"]
[Date "2007.01.29"]
[Round "10"]
[White "Moiseev,Ig"]
[Black "Moliboga,V"]
[Result "1-0"]
[WhiteElo "2236"]
[BlackElo "2277"]

1.e4 e5 2.Nf3 Nc6 3.Bb5 a6 4.Ba4 Nf6 5.O-O Be7 6.Re1 b5 7.Bb3 d6 8.c3 O-O
9.h3 Nb8 10.d4 Nbd7 11.Nbd2 Bb7 12.Bc2 Re8 13.Nf1 Bf8 14.Ng3 g6 15.a4 Bg7
16.d5 Qe7 17.b3 c6 18.c4 bxc4 19.bxc4 cxd5 20.cxd5 Nc5 21.a5 Reb8 22.Be3 Nfd7
23.Nd2 Bc8 24.Nc4 Rb4 25.Qe2 Rab8 26.Rec1 Bf8 27.Bd2 R4b7 28.Ra3 Qd8 29.Nf1 Nb3
30.Bxb3 Rxb3 31.Rxb3 Rxb3 32.Be3 Rb5 33.Nb6 Nxb6 34.axb6 f5 35.Qc4 f4 36.Qxc8 Qxc8
37.Rxc8 fxe3 38.Nxe3 Rxb6 39.Nc4 Rb1+ 40.Kh2 Kg7 41.Rc7+ Kf6 42.Rxh7 Re1
43.Rd7 Rxe4 44.Nxd6 Bxd6 45.Rxd6+ Kg5 46.Rxa6 Rd4 47.Rd6 e4 48.Re6 Rxd5 49.Rxe4 Rd2
50.Kg3 Rd3+ 51.Re3 Rd4 52.Re5+ Kf6 53.Ra5 Rd3+ 54.f3 Rb3 55.Kg4 Rb4+ 56.f4 Rb3
57.Ra6+ Kg7 58.g3 Rc3 59.h4 Rb3 60.Ra1 Kf6 61.Ra5 Rc3 62.h5 gxh5+ 63.Rxh5 Ra3
64.Rb5 Kg6 65.Rb6+ Kg7 66.f5 Rc3 67.Kf4 Rc4+ 68.Kg5 Ra4 69.Rb7+ Kg8 70.g4 Rc4
71.f6 Ra4 72.Kf5  1-0

[Event "12th HIT Open A"]
[Site "Nova Gorica SLO"]
[Date "2007.01.31"]
[Round "8"]
[White "Korneev,O"]
[Black "Borisek,J"]
[Result "1-0"]
[WhiteElo "2606"]
[BlackElo "2518"]

1.e4 e5 2.Nf3 Nc6 3.Bb5 a6 4.Ba4 Nf6 5.O-O Be7 6.Re1 b5 7.Bb3 d6 8.c3 O-O
9.h3 Nb8 10.d4 Nbd7 11.Nbd2 Bb7 12.Bc2 Re8 13.Nf1 Bf8 14.Ng3 g6 15.Bg5 h6
16.Bd2 Bg7 17.a4 Nb6 18.Qc1 Kh7 19.b3 bxa4 20.dxe5 dxe5 21.bxa4 Nc4 22.Bb3 Nd6
23.Qc2 c5 24.Bc1 Qc7 25.Ba3 Rad8 26.Nd2 h5 27.Nc4 Bh6 28.f3 Kg7 29.Nf1 Nxc4
30.Bxc4 Nd7 31.Rab1 Nb6 32.Bxf7 Kxf7 33.Qb3+ Re6 34.a5 c4 35.Qb2 Na4 36.Qxb7 Rc6
37.Qb4 Nc5 38.Qxc4+ Ne6 39.Qa2 Qxa5 40.Rb7+ Rc7 41.Reb1 Qxc3 42.Rxc7+ Qxc7
43.Kh1 Rb8 44.Rd1 Rd8 45.Rb1 Rb8 46.Rd1 Rd8 47.Rd5 Rc8 48.Rc5 Qb8 49.Rd5 Qc7
50.Rc5 Qb8 51.Rxc8 Qxc8 52.Qd5 Qc7 53.Bb2 Kf6 54.g3 Bc1 55.Ba1 Ba3 56.f4 Bd6
57.Kg2 Kf7 58.f5 gxf5 59.exf5 Qc2+  1-0

[Event "Zima Rating Tournament"]
[Site "St Petersburg RUS"]
[Date "2007.02.02"]
[Round "5"]
[White "Molchanov,M"]
[Black "Karalkin,M"]
[Result "0-1"]
[WhiteElo "1994"]
[BlackElo "2287"]

1.e4 e5 2.Nf3 Nc6 3.Bb5 a6 4.Ba4 Nf6 5.O-O Be7 6.Re1 b5 7.Bb3 d6 8.c3 O-O
9.h3 Nb8 10.d4 Nbd7 11.Nbd2 Bb7 12.Bc2 Re8 13.Nf1 Bf8 14.Ng3 g6 15.Bg5 Bg7
16.Qd3 h6 17.Bd2 Nxe4 18.Nxe4 f5 19.Nxd6 cxd6 20.Bb3+ Kh7 21.Nh2 Nb6 22.dxe5 dxe5
23.Qxd8 Raxd8 24.Rad1 Nc4 25.Bc1 e4 26.Nf1 Ne5 27.Bc2 Bc6 28.Nd2 Nd3 29.Bxd3 Rxd3
30.Nb3 Rdd8 31.Nc5 a5 32.Rxd8 Rxd8 33.Ne6 Rd7 34.Nxg7 Kxg7 35.Kf1 a4 36.Ke2 Bd5
37.Rd1 g5 38.g3 Kf6 39.h4 e3 40.Kxe3 f4+ 41.gxf4 gxh4 42.f3 Re7+ 43.Kf2 Bxa2
44.Rh1 Bc4 45.Be3 h5 46.Rxh4 Rh7 47.Bd4+ Kf5 48.Be3 Bf7 49.Bd4 Rh6 50.Be5 Rh7
51.Bd4 Bg6 52.Be5 Ke6 53.Ke3 Kd5 54.Rh2 Bf5 55.Bf6 Kc4 56.Be5 h4 57.Bf6 h3
58.Kf2 Rh6 59.Be5 Rg6 60.Kf1 Kb3 61.Bd4 Rd6 62.Ke1 Rd5 63.Rd2 Bd3 64.Rh2 Rh5
65.Be5 Bf5 66.Bd4 Be6 67.Be5 Bd5 68.Kf2 Be6 69.Ke1 Bc8 70.Bd4 Bb7 71.Kf2 Kxb2
72.c4+ Kb3 73.cxb5 a3 74.Kg3 Bc8 75.b6 Rb5 76.Rxh3 Bxh3 77.Kxh3 Kc4 78.Ba1 Rxb6
79.Kh4 a2 80.Kg5 Rb3 81.f5 Rxf3 82.Bb2 Kd5 83.Kg6 Rf1 84.f6 Ke6 85.Kg7 Rg1+
86.Kf8 a1=Q  0-1

[Event "ch-St Petersburg sf"]
[Site "St Petersburg RUS"]
[Date "2007.02.13"]
[Round "4"]
[White "Ivanov,Al3"]
[Black "Karalkin,M"]
[Result "0-1"]
[WhiteElo "2458"]
[BlackElo "2287"]

1.e4 e5 2.Nf3 Nc6 3.Bb5 a6 4.Ba4 Nf6 5.O-O Be7 6.Re1 b5 7.Bb3 d6 8.c3 O-O
9.h3 Nb8 10.d4 Nbd7 11.Nbd2 Bb7 12.Bc2 Re8 13.Nf1 Bf8 14.Ng3 g6 15.b3 c6
16.Bg5 Bg7 17.Qd2 Qe7 18.Rad1 Qf8 19.Nh2 Rac8 20.f4 h6 21.Bh4 c5 22.fxe5 dxe5
23.Bxf6 Nxf6 24.d5 c4 25.b4 a5 26.a3 axb4 27.axb4 Ra8 28.Re2 Ra2 29.Rf1 Qe7
30.Ref2 Rf8 31.Qe3 Ne8 32.Ng4 Qg5 33.Qf3 h5 34.Ne3 Bc8 35.Bd1 Rxf2 36.Rxf2 Bh6
37.Ngf1 Nd6 38.Bc2 Bd7 39.Bb1 f5 40.exf5 gxf5 41.Nd1 e4 42.Qg3 f4 43.Qxg5+ Bxg5
44.Ra2 e3 45.Nh2 Bf5 46.Bxf5 Nxf5 47.Nf3 Bf6 48.Kf1 Rd8  0-1

[Event "ch-St Petersburg sf"]
[Site "St Petersburg RUS"]
[Date "2007.02.15"]
[Round "6"]
[White "Solovjov,S"]
[Black "Karalkin,M"]
[Result "1-0"]
[WhiteElo "2412"]
[BlackElo "2287"]

1.e4 e5 2.Nf3 Nc6 3.Bb5 a6 4.Ba4 Nf6 5.O-O Be7 6.Re1 b5 7.Bb3 d6 8.c3 O-O
9.h3 Nb8 10.d4 Nbd7 11.Nbd2 Bb7 12.Bc2 Re8 13.Nf1 Bf8 14.Ng3 g6 15.b3 c6
16.Bg5 Bg7 17.Qd2 Qe7 18.Rad1 Qf8 19.a4 h6 20.Be3 Rad8 21.Qc1 d5 22.dxe5 Nxe5
23.Nxe5 Rxe5 24.f4 Ree8 25.e5 Nd7 26.b4 c5 27.bxc5 Nxc5 28.axb5 axb5 29.Bd4 h5
30.f5 h4 31.Nh5 gxh5 32.Qg5 Ne6 33.fxe6 Rxe6 34.Rf1 Qe7 35.Rf6 Re8 36.Rdf1 Rxe5
37.Bxe5 Qxe5 38.Qxe5 Rxe5 39.Rxf7 Ba8 40.Rc7 Re8 41.Bg6 Rb8 42.Rf5 b4 43.Bf7+ Kh7
44.Rxh5+ Bh6 45.Bxd5+ Kg6 46.Bf7+ Kg7 47.Be8+ Kg8 48.Rxh6 Rxe8 49.cxb4  1-0

[Event "V Breizh Masters GM"]
[Site "Guingamp FRA"]
[Date "2007.02.22"]
[Round "7"]
[White "Kryvoruchko,Y"]
[Black "Le Roux,JP"]
[Result "1-0"]
[WhiteElo "2592"]
[BlackElo "2486"]

1.e4 e5 2.Nf3 Nc6 3.Bb5 a6 4.Ba4 Nf6 5.O-O Be7 6.Re1 b5 7.Bb3 O-O 8.c3 d6
9.h3 Nb8 10.d4 Nbd7 11.Nbd2 Bb7 12.Bc2 c5 13.Nf1 Qc7 14.Ng3 Rfc8 15.Nf5 Bf8
16.d5 a5 17.N3h4 c4 18.Qf3 Kh8 19.g4 Ng8 20.Qg3 g6 21.Ne3 Qd8 22.Nhg2 Nc5
23.h4 Rc7 24.Bd2 Bc8 25.Rf1 Nf6 26.f3 Rb8 27.b3 cxb3 28.axb3 a4 29.b4 Ncd7
30.Bd3 Nb6 31.Bxb5 Nbxd5 32.exd5 Rxb5 33.c4 Rb8 34.Rxa4 Nd7 35.Ra5 Bg7 36.Rc1 Nf6
37.h5 gxh5 38.g5 Ng8 39.c5 f5 40.f4 Ne7 41.c6 Ng6 42.Nc4 h4 43.Nxh4 Nxf4
44.Bxf4 exf4 45.Qxf4 Rxb4 46.Nf3 Bb2 47.Qd2 Bxc1 48.Qxb4 Bxg5 49.Qxd6 Rg7
50.Kf1  1-0

[Event "66th ch-GEO"]
[Site "Tbilisi GEO"]
[Date "2007.03.24"]
[Round "10"]
[White "Aroshidze,L"]
[Black "Giorgadze,G1"]
[Result "1/2-1/2"]
[WhiteElo "2531"]
[BlackElo "2610"]

1.e4 e5 2.Nf3 Nc6 3.Bb5 a6 4.Ba4 Nf6 5.O-O Be7 6.Re1 b5 7.Bb3 O-O 8.c3 d6
9.h3 Nb8 10.d4 Nbd7 11.Nbd2 Bb7 12.Bc2 Re8 13.Nf1 Bf8 14.Ng3 g6 15.b3 c6
16.Bg5 Bg7 17.Qd2 Qe7 18.a4 Qf8 19.b4 Nb6 20.dxe5 dxe5 21.Qe2 Nxa4 22.Bxa4 bxa4
23.Be3 Nd7 24.Rxa4 c5 25.Rd1 Red8 26.b5 Nb6 27.Rxd8 Qxd8 28.Ra2 Qc8 29.Nd2 Bf8
30.Nb3 axb5 31.Rxa8 Qxa8 32.Qxb5 Na4 33.Nxc5 Bxc5 34.Bxc5 Nxc3 35.Qb2 Na4
36.Qxe5 Nxc5 37.Qxc5 Bxe4  1/2-1/2

[Event "ch-Skopje"]
[Site "Skopje MKD"]
[Date "2007.06.02"]
[Round "4"]
[White "Rusomanov,A"]
[Black "Pancevski,F"]
[Result "0-1"]
[WhiteElo "2177"]
[BlackElo "2303"]

1.e4 e5 2.Nf3 Nc6 3.Bb5 a6 4.Ba4 Nf6 5.O-O Be7 6.Re1 b5 7.Bb3 d6 8.c3 O-O
9.h3 Nb8 10.d4 Nbd7 11.Nbd2 Bb7 12.Bc2 Re8 13.Nf1 Bf8 14.Ng3 g6 15.a4 Bg7
16.dxe5 dxe5 17.Qe2 c6 18.b3 Qc7 19.Bb2 Rad8 20.Red1 Bf8 21.Ba3 Bxa3 22.Rxa3 Nf8
23.Raa1 Ne6 24.b4 Rb8 25.Bb3 c5 26.Bxe6 Rxe6 27.axb5 axb5 28.Ra5 Ree8 29.Qe3 Qc6
30.Qh6 cxb4 31.cxb4 Nxe4 32.Nxe4 Qxe4 33.Rxb5 Qe2 34.Rdd5 Bxd5 35.Rxd5 Rb7
36.Rd2 Qc4 37.Nxe5 Qe6 38.Ng4 Rxb4 39.g3 Rb1+ 40.Kh2 Qc6 41.Rd5 f5  0-1

[Event "29th Mem Nezhmetdinov"]
[Site "Kazan RUS"]
[Date "2007.06.05"]
[Round "5"]
[White "Simonov,S"]
[Black "Balashov,Y"]
[Result "1/2-1/2"]
[WhiteElo "2297"]
[BlackElo "2467"]

1.e4 e5 2.Nf3 Nc6 3.Bb5 a6 4.Ba4 Nf6 5.O-O Be7 6.Re1 b5 7.Bb3 d6 8.c3 O-O
9.h3 Nb8 10.d4 Nbd7 11.Nbd2 Bb7 12.Bc2 Re8 13.a4 Bf8 14.Bd3 c6 15.Qc2 g6
16.axb5 axb5 17.Rb1 Qb6 18.dxe5 dxe5 19.Nb3 c5 20.c4 b4 21.Nh2 Nb8 22.Bg5 Qe6
23.Nf1 Nc6 24.Ng3 Nd4 25.Nxd4 cxd4  1/2-1/2

[Event "ch-COL"]
[Site "Cartagena de Indias COL"]
[Date "2007.06.16"]
[Round "4"]
[White "Echavarria,J"]
[Black "Pena,Alf"]
[Result "0-1"]
[WhiteElo "2358"]
[BlackElo "2255"]

1.e4 e5 2.Nf3 Nc6 3.Bb5 a6 4.Ba4 Nf6 5.O-O Be7 6.Re1 b5 7.Bb3 d6 8.c3 O-O
9.h3 Nb8 10.d4 Nbd7 11.Nbd2 Bb7 12.Bc2 Re8 13.Nf1 Bf8 14.Ng3 g6 15.a4 h6
16.h4 h5 17.Bg5 Be7 18.Qd3 c6 19.b4 Nh7 20.Bxe7 Qxe7 21.Bb3 Nb6 22.Qe3 Nd7
23.Qh6 Qf6 24.Rad1 Rad8 25.Rd3 Qg7 26.Qd2 d5 27.exd5 cxd5 28.Nxe5 Nxe5 29.Rde3 Qf6
30.axb5 axb5 31.dxe5 Qxh4 32.Rd3 Qg5 33.f4 Qh4 34.Ne2 Nf8 35.Rf1 Qg4 36.Nd4 Ne6
37.Bd1 Qh4 38.Rh3 Qe7 39.Nxb5 Ba6 40.Nd6 Bxf1 41.Nxe8 Qxe8 42.Kxf1 d4 43.c4 Qc6
44.Be2 Ra8 45.Kg1 Ra1+ 46.Kh2 Qe4 47.Rf3 Ng7 48.Bd3 Qc6 49.Qb2 Qa8 50.Qxd4 Rd1
51.Qc3 Qd8 52.c5 Qh4+ 53.Rh3 Qxf4+ 54.Rg3 h4 55.Be2 hxg3+ 56.Qxg3 Rh1+ 57.Kxh1 Qxg3
58.Bf3 Qe1+ 59.Kh2 Qxe5+  0-1

[Event "11th Master Open"]
[Site "Voronezh RUS"]
[Date "2007.06.19"]
[Round "7"]
[White "Smikovski,I"]
[Black "Gasanov,E"]
[Result "1/2-1/2"]
[WhiteElo "2552"]
[BlackElo "2486"]

1.e4 e5 2.Nf3 Nc6 3.Bb5 a6 4.Ba4 Nf6 5.O-O Be7 6.Re1 b5 7.Bb3 d6 8.c3 O-O
9.h3 Nb8 10.d4 Nbd7 11.Nbd2 Bb7 12.Bc2 Re8 13.Nf1 Bf8 14.Ng3 g6 15.b3 exd4
16.cxd4 c5 17.d5 Bg7 18.Rb1 a5 19.Bf4 Nb6 20.Bd3 Ba6 21.Qc2 Rc8 22.Nd2 Nfxd5
23.exd5 Nxd5 24.Rxe8+ Qxe8 25.Nh5 gxh5 26.Bxh7+ Kh8 27.Bxd6 Rc6 28.Ne4 Nb4
29.Qd1 Kxh7 30.Qxh5+ Kg8 31.Re1 Qd7 32.Qg5 Rxd6 33.Nxd6 Qxd6 34.Re8+ Kh7
35.Qh5+ Qh6 36.Qxf7 Nd5 37.Re6 Nf6 38.Rxa6 Qc1+ 39.Kh2 Qf4+ 40.Kg1 Qc1+ 41.Kh2 Qf4+  1/2-1/2

[Event "White Nights"]
[Site "St Petersburg RUS"]
[Date "2007.07.02"]
[Round "8"]
[White "Ivkina,O"]
[Black "Krishilovsky,A"]
[Result "1-0"]
[WhiteElo "2198"]
[BlackElo "2040"]

1.e4 e5 2.Nf3 Nc6 3.Bb5 a6 4.Ba4 Nf6 5.O-O Be7 6.Re1 b5 7.Bb3 d6 8.c3 O-O
9.h3 Nb8 10.d4 Nbd7 11.Bc2 Bb7 12.Nbd2 Re8 13.Nf1 Bf8 14.Ng3 g6 15.b3 Bg7
16.d5 Nb6 17.Be3 Rc8 18.Nd2 c6 19.c4 cxd5 20.cxd5 Nbxd5 21.exd5 Nxd5 22.Nf5 gxf5
23.Bxf5 Nxe3 24.Rxe3 Qg5 25.Be4 d5 26.Rg3 Qf6 27.Rf3 Qh6 28.Bf5 Rc7 29.Rc1 Rxc1
30.Qxc1 e4 31.Rg3 Qf4 32.Bg4 f5 33.Bh5 Rc8 34.Qe1 Rc3 35.Nxe4 Rxg3 36.Nxg3 Be5
37.Bf3 Kf8 38.Qb1 Bc8 39.Qc2 Bc7 40.Bxd5 Ke7 41.Qc5+ Qd6 42.Qe3+ Qe5 43.Qg5+ Kd6
44.Bf3 Kc5 45.Qc1+ Kb4 46.a3+ Ka5 47.b4+ Kb6 48.Qc6+ Ka7 49.Qa8+ Kb6 50.Qxc8  1-0

[Event "ch-BEL Expert"]
[Site "Namur BEL"]
[Date "2007.07.04"]
[Round "5"]
[White "Saiboulatov,D"]
[Black "Vandevoort,P"]
[Result "1/2-1/2"]
[WhiteElo "2415"]
[BlackElo "2385"]

1.e4 e5 2.Nf3 Nc6 3.Bb5 a6 4.Ba4 Nf6 5.O-O Be7 6.Re1 b5 7.Bb3 d6 8.c3 O-O
9.h3 Nb8 10.d4 Nbd7 11.Nbd2 Bb7 12.Bc2 Re8 13.b3 Bf8 14.d5 c6 15.c4 cxd5
16.cxd5 Rc8 17.Bb2  1/2-1/2

[Event "Open"]
[Site "Banska Stiavnica SVK"]
[Date "2007.07.13"]
[Round "7"]
[White "Bindrich,F"]
[Black "Hajnal,Z"]
[Result "1-0"]
[WhiteElo "2504"]
[BlackElo "2404"]

1.e4 e5 2.Nf3 Nc6 3.Bb5 a6 4.Ba4 Nf6 5.O-O Be7 6.Re1 b5 7.Bb3 d6 8.c3 O-O
9.h3 Nb8 10.d4 Nbd7 11.Nbd2 Bb7 12.Bc2 Re8 13.Nf1 c5 14.Ng3 Bf8 15.b3 b4
16.d5 bxc3 17.Qd3 a5 18.Qxc3 Nb6 19.Be3 Nfd7 20.Nd2 Qc7 21.Nc4 Reb8 22.Reb1 g6
23.Bd2 f5 24.Nxa5 fxe4 25.Nxb7 Nxd5 26.Qc4 Nb6 27.Qe2 Rxb7 28.Bxe4 Rba7 29.a4 Qf7
30.Qd3 Nb4 31.Bxb4 d5 32.Bc3 dxe4 33.Nxe4 c4 34.bxc4 Qxc4 35.Nf6+ Kh8 36.Qf3 Nxa4
37.Bxe5 Bg7 38.Rb7 Rxb7 39.Qxb7 Rg8 40.Nxg8 Bxe5 41.Nf6 Qc6  1-0